| 000 | 01038cam a22003014a 4500 | ||
|---|---|---|---|
| 999 |
_c50563 _d50563 |
||
| 001 | 14588305 | ||
| 005 | 20200220174447.0 | ||
| 008 | 061010s2008 nyua b 001 0 eng | ||
| 010 | _a 2006936134 | ||
| 020 | _a9780716769118 | ||
| 020 | _a0716769115 | ||
| 040 |
_aDLC _cDLC _dDLC |
||
| 042 | _apcc | ||
| 050 | 0 | 0 |
_aQA303.2 _b.R64 2008 |
| 080 | _a511 R-71 | ||
| 082 | 0 | 0 |
_a515 _222 |
| 100 | 1 |
_aRogawski, Jon, _d1955- _97306 |
|
| 245 | 1 | 0 |
_aSingle Variable Calculus / _cJon Rogawski. |
| 264 |
_aNew York : _bW.H. Freeman, _cc2008. |
||
| 300 |
_axviii, 1027, 108, 16 p. : _bcol. ill. ; _c26 cm. |
||
| 504 | _aIncludes bibliographical references (p. 103-106, 2nd group) and index. | ||
| 650 | 0 |
_aCalculus _vTextbooks. _97307 |
|
| 653 | _aმათემატიკა | ||
| 906 |
_a7 _bcbc _corignew _d1 _eocip _f20 _gy-gencatlg |
||
| 942 |
_2udc _cBK |
||
| 955 |
_apc21 2006-06-08 to ASCD _ajp02 2006-06-12 telework _ijp02 2006-06-12 _aaa07 2006-06-14 _apa18 2009-05-01 added copy 2 to BCCD |
||
| 955 |
_apc27 2006-10-10 _ajp00 2007-07-27 |
||